| 000 | 00623nam a2200193Ia 4500 | ||
|---|---|---|---|
| 005 | 20220617171216.0 | ||
| 008 | 210716s2001 xx 000 0 und d | ||
| 020 | _a8178083191 | ||
| 040 | _cAIMIT LIBRARY | ||
| 041 | _aeng | ||
| 082 |
_a006.42 _21st _bSTER |
||
| 100 |
_aSteinmetz, Ralf. _943894 |
||
| 245 |
_aMultimedia: _bcomputing communications and applications / _cBy Ralf Steinmets and Klara Nahrstedt. |
||
| 260 |
_aNew Delhi : _bPearson Education , _c2001. |
||
| 300 | _axxvi,854 | ||
| 650 |
_aGraphics ProgramMultimedia Sys _943895 |
||
| 700 |
_aNahrstedt, Klara. _943896 |
||
| 942 |
_2ddc _cBK _e1st _k006.42 STER |
||
| 999 |
_c184203 _d184203 |
||